00772nam a22001697a 4500003000900000008004100009020001800050040007100068082001700139110002300156245006800179260004100247300007000288505021400358650001700572650001300589AR-CdUCM190410b ||||| |||| 00| 0 spa d a84-88988-23-0 aMUNICIPALIDAD PROVINCIAL DEL CUSCOcBIBLIOTECA MUNICIPAL DEL CUSCO a712 /bAR772 aLa casa y el Lugar aArquitectura y memoria en el barrio de :bEl Pópulo Cádiz / aSevilla :bLa casa y el Lugar,c1998 a128 páginas ;bPlanos, Mapas,Gráficos, Fotografías,c30 cm. aContenido: Arquitectura y memoria en el barrio de El Pópulo en Cádiz -- Trazas y sedimentos en el territorio y en la ciudad -- Levantamiento y planimetría -- La casa-patio en el barrio de El Pópulo ... aArquitectura aEspaña